Pays de l'Empire Byzantin - Statistiques

Statistiques générales
  • Ce quiz a été pris 12 420 fois
    12 399 depuis la dernière actualisation
  • Le résultat moyen est 30 sur 37
Statistiques - réponses
Pourcentage Pays % Correct
~85% Turquie
98%
100% Grèce
95%
~95% Italie
94%
~8% France
93%
~60% Egypte
92%
~10% Algérie
90%
~15% Maroc
89%
~30% Espagne
88%
100% Israel
87%
~85% Tunisie
87%
100% Albanie
86%
100% Bulgarie
86%
~80% Serbie
86%
~65% Croatie
85%
~20% Libye
85%
~20% Roumanie
85%
~50% Syrie
84%
100% Macédoine du Nord
83%
~1% Russie
83%
~25% Slovénie
83%
100% Liban
82%
100% Kosovo
81%
100% Bosnie-Herzégovine
79%
100% Montenegro
79%
100% Chypre
77%
~40% Jordanie
77%
~1% Autriche
76%
~10% Portugal
76%
~2% Arabie Saoudite
75%
~15% Suisse
75%
~1% Ukraine
75%
~5% Géorgie
74%
100% Malte
71%
100% Vatican
68%
100% Saint-Marin
65%
100% Monaco
62%
100% Liechtenstein
52%
Aucun quiz correspondant
Distribution des résultats
% des personnes avec chaque résultat
Percentile par nombre de réponses
Votre historique - résultats
Vous n’avez pas pris ce quiz depuis la dernière actualisation